000 00413 a2200133 4500
001 ART_45084
005 20260410162038.0
008 260409a
245 1 0 _aEl sector industrial en Jujuy
100 1 _aCarrillo, Ivone
700 1 _aLóndero, María Eugenia
700 1 _aMatas, Alfredo
773 0 _tRevista de estudios regionales y mercado de trabajo
_g- Nº 5 (ene./dic. 2009)
_wREV44894
999 _c34654
_d34654